Itzy Song by the Iconic English Lyrics (Medium/Semi-Midzy Ver.) - Statistics

General Stats
  • This quiz has been taken 164 times
  • The average score is 15 of 24
Answer Stats
Question Answer % Correct
"Feel like I was born to love ya." Loco
93%
"Can't wait til' I bite them." Cake
85%
"One red flag and I'm gone." Boys Like You
78%
"Ring-ring-ring, all day long." Icy
78%
"Do I show you? No." In the morning
74%
"Sorry, next!" Swipe
74%
"Don't you know you have a superpower? (Superpower)" Mr. Vampire
70%
"Now, you just keep your eyes on me." Untouchable
70%
"Sit down, enjoy the show 'cause it's about to go down." Born to Be
67%
"Love or like?" Cheshire
63%
"Yeah, you will like it, 'cause you like it." Not Shy
63%
"I'm so bad bad." Wannabe
63%
"I'ma light my way!" Crown on my Head
59%
"So what?" Dalla Dalla
59%
"I choose me." Bet on Me
56%
"I'm waiting for my turn, you know that I'm waiting for my time." Blossom
56%
"I can't get you out of my mind" Mine
52%
"I don't care how you feel.You, you, you, you." None of my Business
52%
"Let's rewrite (ooh)" Ringo
52%
"Nothing matters, it's all about ya. Flawless, that's what you are." Yet but
48%
"Who is lying? (Lying)" Blah Blah Blah
44%
"Don't need no guidance, I'm makin' my way." Sneakers
44%
"You can blame it on me." Run Away
41%
"Shake the world!" Voltage
41%
No matching quizzes found
Score Distribution
Percent of People with Each Score
Percentile by Number Answered
Your Score History
You have not taken this quiz